[Event "Unterfranken-ch HB 48th"]
[Site "Bergrheinfeld"]
[Date "1997.??.??"]
[Round "7"]
[White "Gaul, Bernhard"]
[Black "Koehler, Daniel"]
[Result "0-1"]
[WhiteElo "1468"]
[BlackElo "1534"]
[PlyCount "84"]
[EventDate "1997.03.31"]
[EventType "swiss"]
[EventRounds "9"]
[EventCountry "GER"]
[SourceTitle "EXT 2015"]
[Source "ChessBase"]
[SourceDate "2014.11.20"]
[SourceVersion "1"]
[SourceVersionDate "2014.11.20"]
[SourceQuality "1"]

1. e4 e5 2. Nf3 Nc6 3. Bc4 Bc5 4. c3 Nf6 5. d4 exd4 6. cxd4 Bb4+ 7. Nc3 Nxe4 8. Bd2 Bxc3 9. bxc3 Nxd2 10. Qxd2 d5 11. Qe3+ Be6 12. Bd3 h6 13. 0-0 0-0 14. Qf4 g5 15. Qg3 f5 16. h3 f4 17. Qh2 Qd6 18. g4 Qa3 19. Rfc1 Nb4 20. Ne1 Nxd3 21. Nxd3 b6 22. f3 c5 23. dxc5 bxc5 24. Qc2 Bf7 25. Qb3 Qxb3 26. axb3 c4 27. bxc4 dxc4 28. Ne5 Bd5 29. Ra6 Rfe8 30. Re1 Re6 31. Rxe6 Bxe6 32. Ra1 a5 33. Ra4 Kf8 34. Nxc4 Bxc4 35. Rxc4 a4 36. Rb4 a3 37. Rb1 Ke7 38. Ra1 a2 39. c4 Kd6 40. Kf1 Kc5 41. Ke1 Kxc4 42. Kd2 Kb3 0-1

[Event "Unterfranken-ch HB 48th"]
[Site "Bergrheinfeld"]
[Date "1997.??.??"]
[Round "4"]
[White "Neuburger, Irene"]
[Black "Gaul, Bernhard"]
[Result "1/2-1/2"]
[WhiteElo "1370"]
[BlackElo "1468"]
[PlyCount "54"]
[EventDate "1997.03.31"]
[EventType "swiss"]
[EventRounds "9"]
[EventCountry "GER"]
[SourceTitle "EXT 2015"]
[Source "ChessBase"]
[SourceDate "2014.11.20"]
[SourceVersion "1"]
[SourceVersionDate "2014.11.20"]
[SourceQuality "1"]

1. d4 d5 2. c4 Nf6 3. cxd5 Qxd5 4. Nc3 Qd6 5. Nf3 Bg4 6. e3 c6 7. Be2 Bxf3 8. Bxf3 e5 9. 0-0 exd4 10. exd4 Be7 11. Be3 0-0 12. Rc1 Nbd7 13. Qd2 Nb6 14. Be2 Nbd5 15. Bg5 Rfe8 16. Rce1 Nxc3 17. bxc3 Ne4 18. Bxe7 Rxe7 19. Qc2 Rae8 20. Bd3 Qf4 21. Bxe4 Rxe4 22. Rxe4 Qxe4 23. Qb1 Qxb1 24. Rxb1 b5 25. Kf1 Kf8 26. a4 a6 27. axb5 axb5 1/2-1/2